Films avec Guy Marchand (par image) - Statistiques

Statistiques générales
  • Ce quiz a été pris 10 fois
  • Le résultat moyen est 4 sur 16
Statistiques - réponses
Par images Réponse % Correct
Garde à vue
78%
Les Sous-doués en vacances
78%
Coup de torchon
67%
Mortelle randonnée
33%
Boulevard du rhum
22%
Nestor Burma, détective de choc
22%
Bonjour l'angoisse
11%
Charlie Dingo
11%
Le Maître-nageur
11%
Noyade interdite
11%
Tendre poulet
11%
Chateauroux district
0%
La Tête dans le sac
0%
Le Grand escogriffe
0%
Les Folies fermières
0%
Sauf votre respect
0%
Aucun quiz correspondant
Distribution des résultats
% des personnes avec chaque résultat
Percentile par nombre de réponses
Votre historique - résultats
Vous n’avez pas pris ce quiz